000 00474nam a2200181Ia 4500
001 43530
008 140425s9999 xx 000 0 und d
020 _aNA
040 _cPK-LaUMT
082 _aRHC 891.4394
_bHAF-I
100 _aHafiz ur Rahman Khan
245 _aIlmi wa adabi tanaazraat (Urdu)
_cHafiz ur Rahman Khan
260 _aLahore,Pakistan:
_bHaq Publications,
_c1997
300 _a152 p.
546 _aUR
650 _aPakistani literature-Urdu
942 _cBK
999 _c41538
_d41538